Normal view
MARC view
- الشهادة (محاكم ) - القضاء - الشريعة الاسلامية - العقوبات
Entry Topical Term
001 - CONTROL NUMBER
- control field: 45207
003 - CONTROL NUMBER IDENTIFIER
- control field: JO-AjAnu
005 - DATE AND TIME OF LATEST TRANSACTION
- control field: 20230606081459.0
008 - FIXED-LENGTH DATA ELEMENTS
- fixed length control field: 230606|| aca||aabn | a|a d
040 ## - CATALOGING SOURCE
- Original cataloging agency: JO-AjAnu
- Transcribing agency: JO-AjAnu
150 ## - HEADING--TOPICAL TERM
- Topical term or geographic name entry element: الشهادة (محاكم ) - القضاء - الشريعة الاسلامية - العقوبات
670 ## - SOURCE DATA FOUND
- Source citation: Work cat.: (JO-AjAnu)23146: الربابعة، حسين محمد , author 45206, أحكام الشهادة وعقوبة شاهد الزور في الإسلام